10 años de la ley Paez transformacion de la economica caucana (Registro nro. 11773)
[ vista simple ]
| 000 -LEADER | |
|---|---|
| fixed length control field | 01295nam a2200289Ia 4500 |
| 003 - CONTROL NUMBER IDENTIFIER | |
| control field | OSt |
| 005 - DATE AND TIME OF LATEST TRANSACTION | |
| control field | 20210521131801.0 |
| 008 - FIXED-LENGTH DATA ELEMENTS--GENERAL INFORMATION | |
| fixed length control field | 210310s2008 ck ad gr 000 0 spa d |
| 020 ## - INTERNATIONAL STANDARD BOOK NUMBER | |
| International Standard Book Number | 9789588357072 |
| 040 ## - CATALOGING SOURCE | |
| Original cataloging agency | CO-JMCR |
| Transcribing agency | CO-JMCR |
| 041 0# - LANGUAGE CODE | |
| Language code of text/sound track or separate title | spa |
| 082 04 - DEWEY DECIMAL CLASSIFICATION NUMBER | |
| Classification number | 338.98615 / |
| Item number | A454a |
| Edition number | 23 |
| 100 1# - MAIN ENTRY--PERSONAL NAME | |
| Personal name | Alonso C., Julio Cesar, |
| Relator term | autor |
| 9 (RLIN) | 24593 |
| 245 10 - TITLE STATEMENT | |
| Title | 10 años de la ley Paez transformacion de la economica caucana |
| Statement of responsibility, etc. | Julio Cesar Alonso C., Ana María Lotero A. |
| 246 2# - VARYING FORM OF TITLE | |
| Title proper/short title | Diez años de la ley Paez transformación de la economía caucana. |
| 260 ## - PUBLICATION, DISTRIBUTION, ETC. | |
| Place of publication, distribution, etc. | Cali, Colombia : |
| Name of publisher, distributor, etc. | Universidad Icesi, |
| Date of publication, distribution, etc. | 2008. |
| 300 ## - PHYSICAL DESCRIPTION | |
| Extent | 122 páginas : |
| Other physical details | ilustraciones y gráficos a color ; |
| Dimensions | 21 cm. |
| 440 ## - SERIES STATEMENT/ADDED ENTRY--TITLE | |
| Title | #N/A |
| 9 (RLIN) | 26408 |
| 501 ## - WITH NOTE | |
| With note | Con: notas a pie de página. |
| 505 0# - FORMATTED CONTENTS NOTE | |
| Formatted contents note | La ley de Páez: unas oportunidad de cambio. -- Ley Páez y el nivel de actividad económica. -- Empleo. -- Sector externo. -- Impacto fiscal. -- Impacto sobre el medio ambiente. |
| 520 0# - SUMMARY, ETC. | |
| Summary, etc. | Si hubiéramos esperado unos 50 ó 100 años, posiblemente se hubiera dado algún desarrollo de tipo industrial en el norte de Cauca. |
| 650 14 - SUBJECT ADDED ENTRY--TOPICAL TERM | |
| Topical term or geographic name entry element | Contexto económico. |
| 9 (RLIN) | 26409 |
| 650 24 - SUBJECT ADDED ENTRY--TOPICAL TERM | |
| Topical term or geographic name entry element | Empresas |
| General subdivision | economía |
| 9 (RLIN) | 37777 |
| 650 24 - SUBJECT ADDED ENTRY--TOPICAL TERM | |
| Topical term or geographic name entry element | Ley Páez |
| 9 (RLIN) | 37778 |
| 700 1# - ADDED ENTRY--PERSONAL NAME | |
| Personal name | Lotero A., Ana María. |
| Relator term | autor |
| 9 (RLIN) | 37779 |
| 942 ## - ADDED ENTRY ELEMENTS (KOHA) | |
| Source of classification or shelving scheme | Dewey Decimal Classification |
| Koha item type | Books |
| Withdrawn status | Lost status | Source of classification or shelving scheme | Damaged status | Not for loan | Home library | Current library | Shelving location | Date acquired | Source of acquisition | Full call number | Barcode | Date last seen | Copy number | Price effective from | Koha item type |
|---|---|---|---|---|---|---|---|---|---|---|---|---|---|---|---|
| Dewey Decimal Classification | Biblioteca Pública José María del Castillo y Rada | Biblioteca Pública José María del Castillo y Rada | General Stacks | 04/15/2018 | Donación | 338.98615 / A454a | 430002716 | 05/16/2024 | Ej.1 | 03/10/2021 | Books |